000 00671nam a2200193Ia 4500
008 151119s9999||||xx |||||||||||||| ||und||
082 _a615.535
082 _bGKKV28033
100 _aगाला ध रा
245 _aघरबसल्या इलाज लोहचुंबक चिकित्सा
260 _a--
260 _b--
260 _c0
600 _aगाला ध रा
630 _aघरबसल्या इलाज लोहचुंबक चिकित्सा
700 _aगाला ध रा
730 _aघरबसल्या इलाज लोहचुंबक चिकित्सा
942 _cBOOK
999 _c1080448
_d1080445